00425nam a2200157Ia 4500003000400000008004100004040001600045082001700061100002000078245006900098260004300167300001000210650001300220650002200233650001200255GCL140319s9999 xx 000 0 eng d aGCL / cGCL04a629.892bN I1 aLA MURE, PIERRE10aINTELLIGENT SEAMTRACKING FOR ROBOTIC WELDING / cLA MURE, PIERRE a[S.N] : bMACMILLAN PUBLISHING COMPANY a225 P04aINDUSTRY04aWELDING PROCESSES04aWELDING